000 00650 a2200169 4500
999 _c483
_d483
020 _a996621450x
050 _aBS192.3.AFR 1999
100 _aZinkuratire, Victor
_eeditor
110 _aThe African Bible / St Paul Communications / daughters of St Paul
245 _aThe African Bible :
_bBiblical text of the New American Bible /
264 _aNairobi, Kenya :
_bPaulines Publications Africa,
_c1999
300 _a2176p. :
_bill., maps
500 _aIncludes bibliographical references Uniform title: Bible. English. New American. 1999
650 _aBible
_xReference editions
700 _aColacrai, Angelo
_eeditor
942 _2lcc
_cBK
_h192.3
_iAFR
_kBS